000 00638nam a2200217 a 4500
001 45057
003 BD-RjUL
005 20211209053945.0
008 711028s1949 n a 001 0 eng
035 _a(BD-RjUL)
040 _aDLC
_cODaWU
_dBD-RjUL
_beng
041 _aeng
082 _223
_a330.1
_bMAE 1949
100 1 _aMacGregor, D. H.
_q(David Hutchison),
_d1877-
_9131382
245 1 0 _aEconomic thought and policy /
_cD. H. MacGregor
260 _aLondon :
_bOxford University Press,
_c1949.
300 _avii, 182 p. :
_bill. ;
_c15 cm.
504 _aBibliography: p. 178-180.
650 0 _aEconomics.
_9138033
942 _2ddc
_cBK
999 _c45057
_d45057